Die Glockenbecherleute in Mittel- und Westdeutschland: ein Beitrag zur Paläanthropologie Eurafrikas
Сохранить в:
| Главный автор: | |
|---|---|
| Формат: | |
| Язык: | немецкий |
| Опубликовано: |
Stuttgart
E. Schwizerbart'sche Verlagsbuchhandlung
1953
|
| Предметы: | |
| Метки: |
Добавить метку
Нет меток, Требуется 1-ая метка записи!
|
MARC
| LEADER | 00000nam a2200000 a 4500 | ||
|---|---|---|---|
| 001 | UCN9916 | ||
| 003 | CL-VaPUC | ||
| 008 | 011221e19530000GW |||||||||||||||||ger|d | ||
| 082 | 0 | 4 | |a 573 |b GER |2 21 |
| 100 | 0 | |a Gerhardt, Kurt |e author |9 466412 | |
| 245 | 1 | 4 | |a Die Glockenbecherleute in Mittel- und Westdeutschland: ein Beitrag zur Paläanthropologie Eurafrikas |
| 300 | |a 121 p | ||
| 942 | |c BK | ||
| 945 | |d 20011221 00:00:00 |a crobeson | ||
| 260 | |a Stuttgart |b E. Schwizerbart'sche Verlagsbuchhandlung |c 1953 | ||
| 500 | |a Incluye 13 láminas | ||
| 650 | 0 | |a Antropología física |9 308323 | |
| 650 | 7 | |a HOMBRE PREHISTORICO |2 CL-VaPUC |9 267914 | |
| 650 | 0 | |a Arqueología |9 265619 | |
| 583 | |a last modification |c 20011221 00:00:00 |k Rodrigo Vera | ||
| 999 | |c 299012 |d 299010 | ||
| 952 | |0 0 |1 0 |4 0 |6 573_000000000000000_GER_1953 |7 0 |8 A |9 355133 |a BIBHIS |b BIBHIS |d 2019-11-21 |i 3754456 |o 573 GER 1953 |p 3754456 |r 2025-01-20 |w 2019-11-21 |y BK |k HIS | ||